000 00822nam a22001697a 4500
008 100422s2008 ua|||||r|||| 000 0 ara d
020 _a9789770924642
082 _222
_a297.272
_b ف ت ا
100 _913670
_aعبد الفتاح، معتز بالله
245 _aالمسلمون والديمقراطية :
_bدراسة ميدانية /
_cمعتز بالله عبد الفتاح
260 _aالقاهرة:
_bدار الشروق ، 2008
_c2008
300 _a303 ص؛
_c24 سم
504 _aيحتوي على ببليوجرافية ص 281-301
650 _913315
_aالإسلام والديموقراطية
942 _2ddc
_cBB
999 _c13930
_d13930